Gemeinden Landkreis Günzburg - Statistiken

Allgemein
  • Dieses Quiz wurde 64 mal gespielt
  • Das Durchschnittsergebnis liegt bei 15 aus 34
Antwortstatistiken
Einwohner Gemeindeart Gemeindename % Korrekt
21.028 Große Kreisstadt Günzburg
93%
10.123 Stadtgemeinde Burgau
78%
9.213 Stadtgemeinde Ichenhausen
74%
7.131 Marktgemeinde Jettingen-Scheppach
70%
3.242 Gemeinde Kötz
70%
13.522 Stadtgemeinde Krumbach (Schwaben)
67%
4.312 Marktgemeinde Offingen
67%
1.158 Gemeinde Ellzee
63%
7.307 Stadtgemeinde Leipheim
63%
6.250 Stadtgemeinde Thannhausen
63%
3.343 Gemeinde Kammeltal
52%
1.154 Gemeinde Röfingen
48%
1.220 Marktgemeinde Waldstetten
48%
4.889 Gemeinde Bibertal
44%
1.552 Gemeinde Bubesheim
41%
1.650 Gemeinde Rettenbach
41%
3.262 Gemeinde Ursberg
41%
3.451 Marktgemeinde Burtenbach
37%
1.200 Gemeinde Balzhausen
33%
1.972 Gemeinde Haldenwang
33%
3.140 Marktgemeinde Neuburg an der Kammel
33%
739 Gemeinde Winterbach
33%
1.141 Gemeinde Aichen
30%
1.183 Gemeinde Aletshausen
30%
1.629 Gemeinde Dürrlauingen
30%
1.349 Gemeinde Gundremmingen
30%
994 Gemeinde Wiesenbach
30%
1.244 Gemeinde Breitenthal
26%
1.470 Gemeinde Deisenhausen
26%
726 Gemeinde Landensberg
26%
1.972 Marktgemeinde Münsterhausen
26%
3.122 Marktgemeinde Ziemetshausen
26%
599 Gemeinde Ebershausen
22%
740 Gemeinde Waltenhausen
22%
Keine übereinstimmenden Quizze gefunden
Verteilung der Resultate
Anzahl Personen mit jedem Resultat
Perzentil nach korrekt beantworteten Fragen
Ihre Resultats-Entwicklung
Sie haben dieses Quiz noch nicht gespielt